000 00276nam a2200121Ia 4500
999 _c14127
_d14127
008 260210s9999 xx 000 0 und d
020 _a9788499368627
082 _a747
100 _aVranckx
245 0 _aHome Decor: Patang Studio Ltd.
260 _bLoft
942 _cBDES
_2ddc